000 00445nam a22002057i 4500
001 5395
003 OSt
005 20170126082345.0
007 tu
008 161220s2002 xxu||||| |||| 00| 0 d
020 _a92-64-19161-5
024 7 _a5395
_2RID
024 7 _a5395
_2RSN (alt)
040 _cOSt
245 0 0 _aOECD Economic Outlook
260 _aParis,
_c2002.
300 _a268 S. ;
_c30cm.
490 _aOECD Economic Outlook
_v71
110 2 _aOECD
942 _cB
999 _c5206
_d5206